Sour gas and related technologies (Record no. 34901)

MARC details
000 -LEADER
fixed length control field 00522nam a2200181Ia 4500
020 ## - INTERNATIONAL STANDARD BOOK NUMBER
ISBN 9780470948149
050 ## - CALL MARK
Classification number TN 880.2 .W8/
100 ## - STATEMENT OF RESPONSIBILITY--MAIN AUTHOR NAME
Personal name Wu, Ying
245 #0 - TITLE STATEMENT
Title Sour gas and related technologies
260 ## - PUBLICATION, DISTRIBUTION, ETC. (IMPRINT)
Place of publication New Jersey
260 ## - PUBLICATION, DISTRIBUTION, ETC. (IMPRINT)
Name of publisher John wiley & sons, Inc.
260 ## - PUBLICATION, DISTRIBUTION, ETC. (IMPRINT)
Year of publication 2012
300 ## - PHYSICAL DESCRIPTION
Number of Pages 274 p
650 ## - SUBJECT ADDED ENTRY--TOPICAL TERM
Topical Term Natural gas--Congresses. Gas wells--Congresses. Oil wells--Congresses. Oil field flooding--Congresses.
942 ## - ADDED ENTRY ELEMENTS (KOHA)
Koha item type Books
Holdings
Withdrawn status Lost status Source of classification or shelving scheme Damaged status Not for loan Permanent Location Current Location Date acquired Accession Number Price effective from Koha item type
    Library of Congress Classification     NILE UNIVERSITY OF NIGERIA - MAIN LIBRARY NILE UNIVERSITY OF NIGERIA - MAIN LIBRARY 04/23/2025 0185695 04/23/2025 Books